01794nam a2200361 i 4500001001000000003000900010005001700019007000300036008004100039040003000080082002400110100004200134245010600176264005900282300002800341336002700369337003300396338002800429500006300457504002800520590002600548650006200574650006000636650006300696700004600759910003700805942001400842952014200856952013600998952014201134952013901276999001701415000021941DO-SdBNP20240228133748.0ta100915s1994 dr 000 0 spa d aDO-SdBNPbspacBNPHUerda 4a616.0092bC355e2221 aCastro Ventura, Santiagoeautor9183710aEnfermedades de dominicanos célebres /cSantiago Castro Ventura : prólogo, Mauro Canario Lorenzo. aSanto Domingo :bServicios Gráficos Oriental,c1994. a125 páginas ;c21 cm. 2rdacontentatextobtxt 2rdamediaasin mediaciónbn 2rdacarrieravolumenbnc aIncluye datos biográficos del autor en la contracubierta aBibliografía : p. 123 aInventariado, 2018/LP 4aCelebridadesxEnfermedadeszRepública Dominicana945526 4aEstadistasxEnfermedadeszRepública Dominicana945527 4aEstadistasxSalud e higienezRepública Dominicana94552812aCanario Lorenzo, Mauro,eprólogo920010 aValidado. Control de calidad MFF 2ddccLBS1 00102ddc51708PDaBNPHUbBNPHUcHDd2010-09-15l0oBNPHU PD 616.0092 C355ep21941-20r2020-06-25te. 2w2020-06-25yLBS1ZNo se presta 00102ddc51708PDaBNPHUbBNPHUcHDd2010-09-15l0oBNPHU PD 616.0092 C355ep21941-10r2020-06-25w2020-06-25yLBS1ZNo se presta 00102ddc56708DSaBNPHUbBNPHUcHDd2010-09-15l0oBNPHU DS 616.0092 C355ep21941-30r2020-06-25te. 3w2020-06-25yLBS1ZNo se presta 00102ddc56708DSaBNPHUbBNPHUcHDd2023-09-14eDonaciónl0oBNPHU DS 616.0092 C355ep21941-40r2023-09-14te.4w2023-09-14yLBS1 c21439d21439